|
|
|
|
| LEADER |
00000nab a2200000 a 4500 |
| 001 |
vtls000192460 |
| 003 |
SK-MaSNL |
| 005 |
20260304172359.0 |
| 008 |
250526c1984 xo 0 slo |
| 015 |
|
|
|a SNBRB19rr/mm-uuuuu
|
| 035 |
|
|
|a CL0202573
|
| 035 |
|
|
|a urn:nbn:sk:snk-ab2cbp
|
| 035 |
|
|
|a (urnnbn)urn:nbn:sk:snk:ar-a024n8
|
| 035 |
|
|
|a (uuid)c9ff553c-c285-479c-9c4a-7a98c0dbbd17
|
| 040 |
|
|
|a SNKBUCL
|b slo
|c SNKBUCL
|e AACR2
|
| 041 |
0 |
|
|a slo
|
| 044 |
|
|
|a xo
|c SK
|
| 080 |
|
|
|a 377.5
|2 1981
|
| 080 |
|
|
|a 630
|2 1981
|
| 100 |
1 |
|
|a Niederland, Miloš,
|d 1950-1998
|4 aut
|9 193825
|
| 245 |
1 |
0 |
|a Bijacovce? Príklad i poučenie..
|c Miloš Niederland
|
| 610 |
2 |
7 |
|a Stredné odborné učilište lesnícke (Bijacovce, Slovensko)
|2 snkbucl
|9 53796
|
| 655 |
|
7 |
|a články z novín a časopisov
|2 snkbucl
|9 267496
|
| 773 |
0 |
|
|t Les
|g Roč. 40, č. 9 (1984), s. 421-424
|
| 850 |
|
|
|a Slovenská národná knižnica
|
| 852 |
|
|
|a Slovenská národná knižnica
|
| 954 |
|
|
|a odborná, vedecká literatúra pôvodná (slovenská)
|2 lita
|
| 957 |
|
|
|a 5409
|
| 958 |
|
|
|a ONDV
|
| 958 |
|
|
|a article2022
|
| 958 |
|
|
|a RK
|
| 992 |
|
|
|a RBX
|
| 999 |
|
|
|c 2998121
|d 3000051
|